Normale Ansicht MARC-Ansicht ISBD

Der lange Weg zur Lehrerbildungsanstalt. (Titelsatznr. 371625)

[ MARC ]
MARC-Details
000 -Satzkennung
Kontrollfeld mit fester Länge 00924nam a22001937a 4500
008 - Feld mit fester Länge zur physischen Beschreibung - Allgemeine Angaben
Kontrollfeld mit fester Länge 201127b ||||| |||| 00| 0 eng d
040 ## - Katalogisierungsquelle
Original-Katalogisierungsstelle DE-2950
Katalogisierungssprache ger
Übertragungsstelle DE-2950
Beschreibungsfestlegungen rda
041 ## - Sprachcode
Sprachcode des Textes/der Tonspur oder des separaten Titels ger
245 ## - Titel
Haupttitel Der lange Weg zur Lehrerbildungsanstalt.
Titelzusatz Stadtgeschichte: Im heutigen Gauß-Gymnasium wurden 1935 bis 1945 und von 1951 bis 1953 Lehrer ausgebildet. Wie kein anderes Gebäude steht der gewaltige Bau für das Bemühen der Stadt um eine höhere Ausbildungsstätte nach dem Verlust der alten Universität im Jahre 1811 /
Verantwortlichkeitsangabe Ralf-Rüdiger Targiel
264 ## - Veröffentlichungsangabe, Vertriebsangabe, Herstellungsangabe
Erscheinungs-, Vertriebs-, Herstellungsdatum 2022
653 ## - Lokales Schlagwort
Nicht-normierter Term Frankfurt (Oder)
653 ## - Lokales Schlagwort
Nicht-normierter Term Lehrerbildungsanstalt / Baugeschichte
653 ## - Lokales Schlagwort
Nicht-normierter Term Gauß-Gymnasium
773 ## - Übergeordnete Einheit
Ort, Verlag und Erscheinungsjahr Frankfurt (Oder) Märkisches Verlags- und Druckhaus GmbH & Co KG
Titel Märkische Oderzeitung
Verknüpfungsangaben 33. Jahrgang (2022) Nr. 115 vom 18.05.2022, S. 16
942 ## - Zusätzliche Felder (Koha)
Koha-Medientyp Aufsätze
Exemplare
Ausgeschieden Verloren Beschädigt Nicht entleihbar Permanenter Standort Aktueller Standort Aufstellungsort Eingabedatum Anzahl Ausleihen Signatur Letzte Aktivität Preis gültig von Medientyp
        Stadtarchiv Frankfurt (Oder) | Archivbibliothek Stadtarchiv Frankfurt (Oder) | Archivbibliothek Magazin 20/05/2022   Z2 20/05/2022 20/05/2022 Aufsätze